Compliance vo vyššom veku

Bibliographic Details
Main Author: Hegyi, Ladislav, 1939-2016 (Author)
Format: Article
Language:Slovak
PhysicalDescription:Tab.
ISSN:1335-1850
Subjects:

MARC

LEADER 00000nab a2200000 a 4500
001 vtls008416499
003 SK-MaSNL
005 20260304135135.0
008 250505c2005 xo 0 slo
015 |a SNBCL2005/5 
035 |a SLK034262 
035 |a urn:nbn:sk:snk-abw5h 
035 |a (urnnbn)urn:nbn:sk:snk:ar-a059yg 
035 |a (uuid)2362fcd3-a215-4e01-8779-36758910bde4 
040 |a SNKBUCL  |b slo  |c SNKBUCL  |e AACR2 
041 0 |a slo  |b eng  |b slo 
044 |a xo  |c SK 
080 |a 615.2:616-053.9:316.4.063.34:615.232  |2 1981 
100 1 |a Hegyi, Ladislav,  |d 1939-2016  |4 aut  |9 197889 
245 1 0 |a Compliance vo vyššom veku  |c L. Hegyi 
246 1 0 |a Compliance in old age 
246 1 1 |a Compliance in old age 
300 |b Tab. 
504 |a Res. angl., slov. 
504 |a Bibliogr. odkazy 
650 0 7 |a kompliancia pacienta  |2 MESH  |9 1451004 
650 0 7 |a kombinovaná farmakoterapia  |2 MESH  |9 28987 
650 0 7 |a analgetiká  |2 MESH  |9 13818 
650 0 7 |a samoliečba (farmakoterapia)  |2 MESH  |9 1453966 
650 0 7 |a psychológia  |2 SNKPH  |9 807 
650 0 7 |a kognitívne poruchy  |2 MESH  |9 108250 
650 0 7 |a seniori  |2 SNKPH  |9 117453 
773 0 |t Geriatria  |g Roč. 11, č. 2 (2005), s. 78-82  |x 1335-1850 
850 |a Slovenská národná knižnica 
852 |a Slovenská národná knižnica 
954 |a odborná, vedecká literatúra pôvodná (slovenská)  |2 lita 
958 |a article27 
958 |a OND 
958 |a EUIPO 
999 |c 2909621  |d 2911551